[Event "Kerkinitida Cup Rapid"]
[Site "Evpatoria"]
[Date "2023.09.01"]
[Round "8"]
[White "Yandarbiev, Ruslan"]
[Black "Schupak, Viktor"]
[Result "1-0"]
[WhiteElo "2191"]
[BlackElo "1866"]
[PlyCount "71"]
[EventDate "2023.08.31"]
[EventType "swiss (rapid)"]
[EventRounds "11"]
[EventCountry "UKR"]
[SourceTitle "EXT 2024"]
[Source "ChessBase"]
[SourceDate "2023.10.10"]
[SourceVersion "1"]
[SourceVersionDate "2023.10.10"]
[SourceQuality "1"]

1. e4 c5 2. Nf3 e6 3. d4 cxd4 4. Nxd4 a6 5. Bd3 Qc7 6. 0-0 b5 7. b3 h5 8. Bb2 Nf6 9. Nd2 Bb7 10. Qe2 Bd6 11. N2f3 Ng4 12. h3 f6 13. Rfd1 Bh2+ 14. Kf1 Bf4 15. a3 Nc6 16. Nxc6 Bxc6 17. c4 b4 18. axb4 Kf7 19. b5 Bb7 20. bxa6 Bc6 21. b4 f5 22. b5 fxe4 23. Bxe4 Bxe4 24. Qxe4 d5 25. cxd5 e5 26. d6 Qb6 27. Qb7+ Qxb7 28. axb7 Rab8 29. hxg4 hxg4 30. Nxe5+ Bxe5 31. Bxe5 Rxb7 32. d7 Rd8 33. Bf4 Kf6 34. b6 Rdxd7 35. Rxd7 Rxd7 36. Bc7 1-0

[Event "Kerkinitida Cup Rapid"]
[Site "Evpatoria"]
[Date "2023.08.31"]
[Round "2"]
[White "Yandarbiev, Ruslan"]
[Black "Smirnov, Pavel"]
[Result "1/2-1/2"]
[WhiteElo "2191"]
[BlackElo "2538"]
[PlyCount "60"]
[EventDate "2023.08.31"]
[EventType "swiss (rapid)"]
[EventRounds "11"]
[EventCountry "UKR"]
[SourceTitle "EXT 2024"]
[Source "ChessBase"]
[SourceDate "2023.10.10"]
[SourceVersion "1"]
[SourceVersionDate "2023.10.10"]
[SourceQuality "1"]

1. e4 e5 2. Nf3 Nc6 3. Bb5 a6 4. Ba4 Nf6 5. 0-0 Be7 6. Re1 b5 7. Bb3 0-0 8. a4 b4 9. d3 d6 10. Nbd2 Na5 11. Ba2 c5 12. h3 Be6 13. c3 Bxa2 14. Rxa2 Rb8 15. Nf1 Qc7 16. Bg5 Ne8 17. Bd2 bxc3 18. bxc3 c4 19. d4 Nf6 20. Ng3 Rfe8 21. Nf5 Bf8 22. Bg5 Nd7 23. Nh2 exd4 24. cxd4 c3 25. Rc2 Qc4 26. Qg4 Rb7 27. Qg3 f6 28. Rxc3 Qxa4 29. Bf4 d5 30. Nh6+ Kh8 1/2-1/2

[Event "Novorossiysk Small Land op"]
[Site "Novorossiysk"]
[Date "2023.07.21"]
[Round "5"]
[White "Yandarbiev, Ruslan"]
[Black "Karavaev, Aleksandr"]
[Result "0-1"]
[WhiteElo "2216"]
[BlackElo "1856"]
[PlyCount "126"]
[EventDate "2023.07.17"]
[EventType "swiss"]
[EventRounds "9"]
[EventCountry "RUS"]
[SourceTitle "CBM 215 Extra"]
[Source "ChessBase"]
[SourceDate "2023.09.30"]
[SourceVersion "1"]
[SourceVersionDate "2023.09.30"]
[SourceQuality "1"]

1. e4 d5 2. exd5 Qxd5 3. Nc3 Qd6 4. d4 Nf6 5. Nf3 c6 6. Ne5 Nbd7 7. Bf4 Nd5 8. Nxd5 Qxd5 9. Nc4 e6 10. Qd2 Nf6 11. Be5 Be7 12. Ne3 Qd7 13. Bd3 b6 14. 0-0-0 Bb7 15. Qe2 0-0-0 16. h4 Ne8 17. h5 f6 18. Bg3 Bd6 19. Bh4 Nc7 20. Nc4 Bf4+ 21. Kb1 b5 22. Na5 Qxd4 23. Nxb7 Kxb7 24. Bxb5 Qb4 25. Bc4 Be5 26. Bb3 Rxd1+ 27. Qxd1 Nb5 28. Qd3 Qd4 29. Qxd4 Nxd4 30. Bc4 g5 31. Bg3 Bxg3 32. fxg3 Re8 33. h6 Nf5 34. g4 Ne3 35. Be2 Nxg2 36. Bf3 Nf4 37. Rd1 Kc7 38. Rd4 Ng6 39. Ra4 Kb6 40. Rb4+ Kc5 41. c3 Ne5 42. Bg2 Re7 43. Re4 Nf7 44. b3 Kb6 45. Rb4+ Kc7 46. Ra4 Nxh6 47. Rxa7+ Kd6 48. Rxe7 Kxe7 49. Bxc6 Nxg4 50. a4 Kd6 51. Ba8 Ne5 52. a5 Kc5 53. Kc2 f5 54. b4+ Kb5 55. Bb7 g4 56. Kd2 f4 57. Ke2 h5 58. Bc8 f3+ 59. Ke3 h4 60. Bxe6 h3 61. c4+ Ka6 62. Bc8+ Ka7 63. b5 Nxc4+ 0-1

[Event "Titled Tuesday intern op 08th Mar Early"]
[Site "Chess.com INT"]
[Date "2022.03.08"]
[Round "6"]
[White "Goltsev, Dmitry"]
[Black "Yandarbiev, Ruslan"]
[Result "1/2-1/2"]
[WhiteElo "2199"]
[BlackElo "2250"]
[PlyCount "164"]
[EventDate "2022.03.08"]
[EventType "swiss (blitz)"]
[EventRounds "11"]
[EventCountry "USA"]
[SourceTitle "CBM 207 Extra"]
[Source "ChessBase"]
[SourceDate "2022.05.31"]
[SourceVersion "1"]
[SourceVersionDate "2022.05.31"]
[SourceQuality "1"]

1. e4 c5 2. Nf3 d6 3. d4 Nf6 4. Nc3 cxd4 5. Nxd4 a6 6. Be2 e5 7. Nb3 Be7 8. 0-0 0-0 9. f4 b5 10. a3 Bb7 11. Bf3 Nbd7 12. Be3 Rc8 13. Qd2 Nb6 14. Na5 Nc4 15. Nxc4 Rxc4 16. Qd3 exf4 17. Bxf4 Qb6+ 18. Be3 Qc7 19. Rad1 Rc8 20. Kh1 Nd7 21. Bf4 Ne5 22. Bxe5 dxe5 23. Qd7 Qxd7 24. Rxd7 R4c7 25. Rfd1 Kf8 26. Bg4 Bc6 27. R7d2 Rb8 28. Bd7 b4 29. axb4 Bxb4 30. Bxc6 Bxc3 31. bxc3 Rxc6 32. Rd3 Rbc8 33. h3 Rxc3 34. Rd5 Rxc2 35. Rxe5 Rc1 36. Rxc1 Rxc1+ 37. Kh2 Ra1 38. Rc5 a5 39. Rc7 a4 40. Ra7 a3 41. e5 a2 42. h4 h5 43. g3 Kg8 44. Ra8+ Kh7 45. Ra6 g6 46. Ra7 Kg8 47. Ra8+ Kg7 48. Ra7 Kf8 49. Ra8+ Ke7 50. Ra6 Kd7 51. Kg2 Kc7 52. Ra3 Kc6 53. Ra8 Kd5 54. Ra5+ Kd4 55. Kh2 Ke3 56. Kg2 Kd2 57. Ra8 Kc3 58. Ra7 Kd4 59. Ra5 Ke4 60. Kh2 Kf5 61. Kg2 g5 62. hxg5 Kxg5 63. e6+ Kf6 64. exf7 Kxf7 65. Ra6 Ke7 66. Kh2 Kd7 67. Ra7+ Kc6 68. Ra8 Kb6 69. Kg2 Kb5 70. Kh2 Kc4 71. Kg2 Kb3 72. Rb8+ Kc2 73. Rc8+ Kd3 74. Rd8+ Kc3 75. Ra8 Kd4 76. Ra7 Kc5 77. Ra8 Kb4 78. Rb8+ Kc3 79. Rc8+ Kb2 80. Rb8+ Kc2 81. Ra8 Kb2 82. Rb8+ Kc2 1/2-1/2

[Event "Titled Tuesday intern op 08th Mar Early"]
[Site "Chess.com INT"]
[Date "2022.03.08"]
[Round "11"]
[White "Yandarbiev, Ruslan"]
[Black "Aldokhin, Ivan"]
[Result "1-0"]
[WhiteElo "2250"]
[BlackElo "2413"]
[PlyCount "85"]
[EventDate "2022.03.08"]
[EventType "swiss (blitz)"]
[EventRounds "11"]
[EventCountry "USA"]
[SourceTitle "CBM 207 Extra"]
[Source "ChessBase"]
[SourceDate "2022.05.31"]
[SourceVersion "1"]
[SourceVersionDate "2022.05.31"]
[SourceQuality "1"]

1. e4 c6 2. d4 d5 3. e5 c5 4. dxc5 a6 5. a3 Nc6 6. Nf3 Bg4 7. Bf4 e6 8. b4 Nge7 9. Nbd2 Ng6 10. Bg3 Ncxe5 11. Be2 Nc6 12. 0-0 Be7 13. c4 0-0 14. h3 Bf5 15. cxd5 exd5 16. Nb3 Bf6 17. Nfd4 Be6 18. Ra2 Nge5 19. Rc2 Qc8 20. f4 Nc4 21. Rf3 Nxa3 22. Nxc6 bxc6 23. Ra2 Nb5 24. f5 Bxf5 25. Na5 Be4 26. Rxf6 gxf6 27. Bxb5 axb5 28. Rf2 Qe6 29. Qh5 Bg6 30. Qh4 Kg7 31. Bf4 h5 32. Bd6 Rfe8 33. Nxc6 Ra1+ 34. Kh2 Qe1 35. Qxf6+ Kh7 36. Be5 Qg1+ 37. Kg3 Ra3+ 38. Kh4 Rxe5 39. Nxe5 Qa1 40. Qf4 Rb3 41. Nxf7 Qb2 42. Ng5+ Kg7 43. Rxb2 1-0

[Event "Titled Tuesday intern op 08th Mar Early"]
[Site "Chess.com INT"]
[Date "2022.03.08"]
[Round "2"]
[White "Yandarbiev, Ruslan"]
[Black "Nasuta, Grzegorz"]
[Result "0-1"]
[WhiteElo "2250"]
[BlackElo "2518"]
[PlyCount "58"]
[EventDate "2022.03.08"]
[EventType "swiss (blitz)"]
[EventRounds "11"]
[EventCountry "USA"]
[SourceTitle "CBM 207 Extra"]
[Source "ChessBase"]
[SourceDate "2022.05.31"]
[SourceVersion "1"]
[SourceVersionDate "2022.05.31"]
[SourceQuality "1"]

1. e4 c5 2. Nf3 e6 3. Nc3 a6 4. d4 cxd4 5. Nxd4 d6 6. Be2 b5 7. Bf3 Bb7 8. e5 Bxf3 9. Qxf3 d5 10. 0-0 Ne7 11. Bg5 Qc7 12. Ndxb5 axb5 13. Nxb5 Qc5 14. Nd6+ Kd7 15. Nxf7 Rg8 16. Be3 Qb4 17. Nd6 Nbc6 18. Qg3 Nxe5 19. Qxe5 Nc6 20. Qh5 Bxd6 21. a3 Qe4 22. c4 Qxc4 23. Rac1 Qe4 24. Rfe1 Qf5 25. Qe2 Rgc8 26. Qb5 Rab8 27. Qa4 Rxb2 28. Rb1 Rxb1 29. Rxb1 Qxb1+ 0-1

[Event "Rostov on Don rapid GP Stage 28th"]
[Site "Rostov on Don"]
[Date "2021.10.30"]
[Round "9"]
[White "Yandarbiev, Ruslan"]
[Black "Alpin, Maxim"]
[Result "1-0"]
[WhiteElo "2250"]
[BlackElo "2007"]
[PlyCount "107"]
[EventDate "2021.10.29"]
[EventType "swiss"]
[EventRounds "11"]
[EventCountry "RUS"]
[SourceTitle "CBM 204 Extra"]
[Source "ChessBase"]
[SourceDate "2021.11.30"]
[SourceVersion "1"]
[SourceVersionDate "2021.11.30"]
[SourceQuality "1"]

1. e4 c5 2. Nf3 e6 3. Nc3 Nc6 4. d4 cxd4 5. Nxd4 Nf6 6. a3 Be7 7. Be2 0-0 8. Be3 d5 9. exd5 exd5 10. 0-0 Ne5 11. h3 Nc4 12. Bxc4 dxc4 13. Qe2 Qc7 14. Ndb5 Qc6 15. Nxa7 Qe6 16. Nxc8 Rfxc8 17. Qf3 Rc7 18. Rad1 Bf8 19. Bd4 Ne8 20. Rfe1 Qg6 21. Nd5 Rc6 22. c3 Nd6 23. Be5 Nf5 24. g4 Nd6 25. Nb4 Rb6 26. Rd5 h5 27. Bd4 hxg4 28. hxg4 Rb5 29. Bc5 Rc8 30. Bxd6 Rxd5 31. Nxd5 Qxd6 32. Ne3 Rc6 33. Rd1 Qh6 34. Nf5 Qg5 35. Qg3 Bc5 36. Kg2 Rc8 37. Rd7 g6 38. f4 Qf6 39. Nh6+ Kg7 40. Rxf7+ Qxf7 41. Nxf7 Kxf7 42. Qf3 Rc7 43. Qd5+ Kf8 44. Qxc4 b6 45. Qe6 Re7 46. Qf6+ Rf7 47. Qxg6 Re7 48. g5 Re2+ 49. Kf3 Re3+ 50. Kg4 Re7 51. Qh6+ Kg8 52. g6 Be3 53. Qg5 Re4 54. Qd5+ 1-0

[Event "Rostov on Don rapid GP Stage 28th"]
[Site "Rostov on Don"]
[Date "2021.10.30"]
[Round "11"]
[White "Yandarbiev, Ruslan"]
[Black "Smirnov, Pavel"]
[Result "1/2-1/2"]
[WhiteElo "2250"]
[BlackElo "2544"]
[PlyCount "54"]
[EventDate "2021.10.29"]
[EventType "swiss"]
[EventRounds "11"]
[EventCountry "RUS"]
[SourceTitle "CBM 204 Extra"]
[Source "ChessBase"]
[SourceDate "2021.11.30"]
[SourceVersion "1"]
[SourceVersionDate "2021.11.30"]
[SourceQuality "1"]

1. e4 e5 2. Nf3 Nc6 3. Bb5 a6 4. Ba4 Nf6 5. 0-0 Be7 6. Re1 b5 7. Bb3 0-0 8. h3 Bb7 9. d3 d5 10. exd5 Nxd5 11. Nxe5 Nxe5 12. Rxe5 Qd6 13. Re1 Rae8 14. Nd2 c5 15. Ne4 Qc6 16. c4 Nb6 17. f3 Bh4 18. Re2 bxc4 19. dxc4 f5 20. Nc3 Rxe2 21. Nxe2 Rd8 22. Qf1 a5 23. a4 Bf6 24. Bf4 g5 25. Bg3 f4 26. Bf2 Rd2 27. Rd1 Rxb2 1/2-1/2

[Event "Titled Tuesday intern op 06th July"]
[Site "Chess.com INT"]
[Date "2021.07.06"]
[Round "7"]
[White "Yandarbiev, Ruslan"]
[Black "Hryshchenko, Kamila"]
[Result "1-0"]
[WhiteElo "2250"]
[BlackElo "2055"]
[PlyCount "95"]
[EventDate "2021.07.06"]
[EventType "swiss (blitz)"]
[EventRounds "11"]
[EventCountry "USA"]
[SourceTitle "EXT 2022"]
[Source "ChessBase"]
[SourceDate "2021.10.06"]
[SourceVersion "1"]
[SourceVersionDate "2021.10.06"]
[SourceQuality "1"]

1. e4 g6 2. d4 Bg7 3. Nc3 d6 4. Nf3 Nf6 5. Bc4 0-0 6. Qe2 Nc6 7. e5 Ne8 8. Bf4 a6 9. 0-0-0 b5 10. Bd5 Bb7 11. Qe4 e6 12. Bxc6 d5 13. Bxd5 exd5 14. Qe3 c6 15. Bh6 Nc7 16. h4 Ne6 17. h5 Bxh6 18. Qxh6 g5 19. Ne2 g4 20. Nh4 Qg5+ 21. Qxg5+ Nxg5 22. Nf5 f6 23. Nh6+ Kg7 24. Nxg4 fxe5 25. dxe5 Ne4 26. f3 Nc5 27. Nd4 Rae8 28. Rde1 Bc8 29. h6+ Kh8 30. Nf6 Re7 31. Nxc6 Rc7 32. Nb4 a5 33. Nbxd5 Nd3+ 34. Kb1 Nxe1 35. Nxc7 Nxg2 36. Rg1 Nf4 37. Rg7 Bf5 38. Nxb5 Rc8 39. Nd4 Bg6 40. e6 Nxe6 41. Nxe6 Bxc2+ 42. Ka1 Bf5 43. b3 Rc1+ 44. Kb2 Rc2+ 45. Ka3 Rc8 46. Ng5 Ra8 47. Ngxh7 Bxh7 48. Rxh7# 1-0

[Event "Titled Tuesday intern op 06th July"]
[Site "Chess.com INT"]
[Date "2021.07.06"]
[Round "4"]
[White "Yandarbiev, Ruslan"]
[Black "Shukhman, Anna"]
[Result "0-1"]
[WhiteElo "2250"]
[BlackElo "1926"]
[PlyCount "54"]
[EventDate "2021.07.06"]
[EventType "swiss (blitz)"]
[EventRounds "11"]
[EventCountry "USA"]
[SourceTitle "EXT 2022"]
[Source "ChessBase"]
[SourceDate "2021.10.06"]
[SourceVersion "1"]
[SourceVersionDate "2021.10.06"]
[SourceQuality "1"]

1. e4 c5 2. Nf3 e6 3. Nc3 a6 4. d4 cxd4 5. Nxd4 Qc7 6. Bd3 b5 7. 0-0 Bb7 8. Re1 Nc6 9. Nxc6 Qxc6 10. a4 b4 11. Nd5 Nf6 12. Nxf6+ gxf6 13. Qh5 Be7 14. Bd2 0-0-0 15. c3 b3 16. Qxf7 Bc5 17. Qh5 d5 18. exd5 Rxd5 19. Qf3 Rxd3 20. Qxc6+ Bxc6 21. Be3 Bxe3 22. Rxe3 Rxe3 23. fxe3 Rd8 24. Ra3 Rd1+ 25. Kf2 Rd2+ 26. Kg3 Rxg2+ 27. Kf4 Rxb2 0-1

[Event "Chigorin Memorial 27th"]
[Site "St Petersburg"]
[Date "2019.10.08"]
[Round "4"]
[White "Novozhilov, Semen"]
[Black "Yandarbiev, Ruslan"]
[Result "0-1"]
[WhiteElo "1786"]
[BlackElo "2278"]
[PlyCount "44"]
[EventDate "2019.10.05"]
[EventType "swiss"]
[EventRounds "9"]
[EventCountry "RUS"]
[SourceTitle "EXT 2020"]
[Source "ChessBase"]
[SourceDate "2019.10.17"]
[SourceVersion "1"]
[SourceVersionDate "2019.10.17"]
[SourceQuality "1"]

1. d4 Nf6 2. Nf3 g6 3. Bg5 Bg7 4. c3 Ne4 5. Bh4 0-0 6. Nbd2 d5 7. e3 Bf5 8. Qb3 b6 9. c4 c5 10. cxd5 cxd4 11. Qb4 Nxd2 12. Nxd2 dxe3 13. fxe3 a5 14. Qb3 a4 15. Qb4 Qxd5 16. Bc4 Qxg2 17. 0-0-0 Nc6 18. Qb5 Ra5 19. Rdg1 Rxb5 20. Rxg2 Rxb2 21. a3 Rd8 22. e4 Bxe4 0-1

[Event "Pardubice Czech op-A 30th"]
[Site "Pardubice"]
[Date "2019.07.26"]
[Round "8"]
[White "Yandarbiev, Ruslan"]
[Black "Plischki, Sebastian"]
[Result "0-1"]
[WhiteElo "2270"]
[BlackElo "2420"]
[PlyCount "94"]
[EventDate "2019.07.19"]
[EventType "swiss"]
[EventRounds "9"]
[EventCountry "CZE"]
[SourceTitle "CBM 191"]
[Source "ChessBase"]
[SourceDate "2019.08.31"]
[SourceVersion "1"]
[SourceVersionDate "2019.08.31"]
[SourceQuality "1"]

1. e4 c5 2. Nf3 d6 3. Nc3 a6 4. d4 cxd4 5. Nxd4 Nf6 6. h3 Nc6 7. g4 g6 8. Be3 Nxd4 9. Bxd4 Bh6 10. Qf3 e5 11. Be3 Bxe3 12. Qxe3 b5 13. a3 Be6 14. 0-0-0 Rb8 15. f4 Qb6 16. Qxb6 Rxb6 17. f5 Bc8 18. g5 Nd7 19. Nd5 Rb8 20. c4 bxc4 21. Bxc4 Nb6 22. Ne3 Bb7 23. Bd3 Ke7 24. f6+ Kd7 25. Bc2 Rbc8 26. Kb1 h6 27. h4 Rxc2 28. Nxc2 Bxe4 29. Rhe1 Bxc2+ 30. Kxc2 Ke6 31. Rd3 hxg5 32. hxg5 Rh2+ 33. Rd2 Rh5 34. Rg2 d5 35. Re3 d4 36. Rb3 Nd5 37. Rgg3 e4 38. Rb8 Rh2+ 39. Kb3 d3 40. Re8+ Kf5 41. Rd8 Ke5 42. Re8+ Kd4 43. Rg4 Re2 44. Rd8 Re1 45. Rg2 Ke5 46. Re8+ Kf5 47. Rf2+ Nf4 0-1

[Event "Pardubice Czech op-A 30th"]
[Site "Pardubice"]
[Date "2019.07.23"]
[Round "5"]
[White "Cernousek, Lukas"]
[Black "Yandarbiev, Ruslan"]
[Result "1-0"]
[WhiteElo "2451"]
[BlackElo "2270"]
[PlyCount "85"]
[EventDate "2019.07.19"]
[EventType "swiss"]
[EventRounds "9"]
[EventCountry "CZE"]
[SourceTitle "CBM 191"]
[Source "ChessBase"]
[SourceDate "2019.08.31"]
[SourceVersion "1"]
[SourceVersionDate "2019.08.31"]
[SourceQuality "1"]

1. d4 Nf6 2. c4 g6 3. g3 Bg7 4. Bg2 0-0 5. Nf3 d6 6. 0-0 Nbd7 7. Nc3 e5 8. e4 c6 9. h3 exd4 10. Nxd4 Qb6 11. Nde2 Nc5 12. Rb1 Re8 13. Be3 Qc7 14. f3 a5 15. Qd2 Nfd7 16. b3 Ne5 17. f4 Ned3 18. a3 f5 19. b4 axb4 20. axb4 Nxe4 21. Qxd3 Ra3 22. Rfc1 Bxc3 23. Nxc3 Nxg3 24. Ra1 Rb3 25. Rab1 Ra3 26. Qd2 Be6 27. Bf2 Nh5 28. Nd5 Qf7 29. Nb6 g5 30. fxg5 f4 31. Rc3 Rxc3 32. Qxc3 Qf5 33. Re1 Qxg5 34. Kh2 Kf7 35. Qd4 Nf6 36. Qxd6 Qh6 37. Qd3 Rg8 38. Kh1 Ng4 39. Bc5 Qg5 40. Qe2 Ne5 41. Rf1 Qg3 42. Bd6 Ng6 43. Qf3 1-0

[Event "Pardubice Czech op-A 30th"]
[Site "Pardubice"]
[Date "2019.07.21"]
[Round "3"]
[White "Hladik, Josef"]
[Black "Yandarbiev, Ruslan"]
[Result "0-1"]
[WhiteElo "2032"]
[BlackElo "2270"]
[PlyCount "54"]
[EventDate "2019.07.19"]
[EventType "swiss"]
[EventRounds "9"]
[EventCountry "CZE"]
[SourceTitle "CBM 191"]
[Source "ChessBase"]
[SourceDate "2019.08.31"]
[SourceVersion "1"]
[SourceVersionDate "2019.08.31"]
[SourceQuality "1"]

1. Nf3 Nf6 2. c4 g6 3. Nc3 Bg7 4. e4 d6 5. d4 0-0 6. Be2 Nbd7 7. 0-0 e5 8. Be3 c6 9. d5 c5 10. Ne1 Ne8 11. Nd3 f5 12. exf5 gxf5 13. f4 a6 14. Qd2 Rb8 15. fxe5 Nxe5 16. Nxe5 Bxe5 17. Bg5 Qa5 18. a4 Bd7 19. Ra3 Nf6 20. Bd3 Rf7 21. Bxf5 Bxf5 22. Rxf5 Ne4 23. Nxe4 Qxd2 24. Bxd2 Rxf5 25. Rb3 Bd4+ 26. Be3 Re8 27. Bxd4 cxd4 0-1

[Event "Pardubice Czech op-A 30th"]
[Site "Pardubice"]
[Date "2019.07.20"]
[Round "2"]
[White "Yandarbiev, Ruslan"]
[Black "Kacharava, Nikoloz"]
[Result "0-1"]
[WhiteElo "2270"]
[BlackElo "2431"]
[PlyCount "63"]
[EventDate "2019.07.19"]
[EventType "swiss"]
[EventRounds "9"]
[EventCountry "CZE"]
[SourceTitle "CBM 191"]
[Source "ChessBase"]
[SourceDate "2019.08.31"]
[SourceVersion "1"]
[SourceVersionDate "2019.08.31"]
[SourceQuality "1"]

1. e4 d6 2. d4 Nf6 3. f3 e5 4. d5 c6 5. c4 Be7 6. Nc3 0-0 7. Bd3 Na6 8. Nge2 Nc5 9. Bc2 cxd5 10. cxd5 Nh5 11. g4 Bh4+ 12. Kf1 Qf6 13. Kg2 Nf4+ 14. Nxf4 exf4 15. Qd2 g5 16. b3 Nd7 17. Bb2 Ne5 18. Bd3 h5 19. h3 Kg7 20. a4 Rh8 21. Nb5 hxg4 22. hxg4 Bxg4 23. Be2 Bd7 24. Qd4 Bxb5 25. axb5 Bg3 26. Qd2 Rac8 27. Bd4 g4 28. fxg4 Bh2 29. Kf1 f3 30. Bd1 Bf4 31. Rxh8 Rxh8 32. Qb2 0-1

[Event "Pardubice op rapid 30th"]
[Site "Pardubice"]
[Date "2019.07.18"]
[Round "4"]
[White "Bagi, Mate"]
[Black "Yandarbiev, Ruslan"]
[Result "1-0"]
[WhiteElo "2459"]
[BlackElo "2270"]
[PlyCount "75"]
[EventDate "2019.07.17"]
[EventType "swiss (rapid)"]
[EventRounds "9"]
[EventCountry "CZE"]
[SourceTitle "CBM 191 Extra"]
[Source "ChessBase"]
[SourceDate "2019.09.30"]
[SourceVersion "1"]
[SourceVersionDate "2019.09.30"]
[SourceQuality "1"]

1. e4 c5 2. Nf3 d6 3. d4 Nf6 4. Nc3 cxd4 5. Qxd4 Nc6 6. Bb5 Bd7 7. Bxc6 Bxc6 8. Bg5 e6 9. 0-0-0 Be7 10. Qd3 0-0 11. Nd4 Qa5 12. f4 Rfd8 13. g4 Rac8 14. Kb1 a6 15. Rhe1 Be8 16. h4 h6 17. Rh1 Qc7 18. f5 Bd7 19. Bxf6 Bxf6 20. g5 hxg5 21. hxg5 Bxg5 22. fxe6 Bxe6 23. Nxe6 fxe6 24. e5 Bh6 25. exd6 Qc4 26. Qg6 Qf4 27. Rdf1 Qg5 28. Qxe6+ Kh8 29. Ne4 Qe3 30. d7 Rb8 31. Re1 Qf4 32. Nd6 Kh7 33. Ref1 Qe3 34. Qf5+ Kg8 35. Qf7+ Kh8 36. Nf5 Qg5 37. Rfg1 Rf8 38. Qxf8+ 1-0

[Event "Pardubice op rapid 30th"]
[Site "Pardubice"]
[Date "2019.07.17"]
[Round "3"]
[White "Yandarbiev, Ruslan"]
[Black "Petr, Martin"]
[Result "1-0"]
[WhiteElo "2270"]
[BlackElo "2459"]
[PlyCount "159"]
[EventDate "2019.07.17"]
[EventType "swiss (rapid)"]
[EventRounds "9"]
[EventCountry "CZE"]
[SourceTitle "CBM 191 Extra"]
[Source "ChessBase"]
[SourceDate "2019.09.30"]
[SourceVersion "1"]
[SourceVersionDate "2019.09.30"]
[SourceQuality "1"]

1. e4 e6 2. d4 d5 3. Nc3 Nf6 4. e5 Nfd7 5. f4 c5 6. Nf3 Be7 7. Be3 b6 8. a4 0-0 9. Be2 Nc6 10. 0-0 Bb7 11. Kh1 Rc8 12. Qe1 f6 13. exf6 Bxf6 14. Nb5 Qe7 15. c3 a6 16. Na3 cxd4 17. Nxd4 Nc5 18. Nac2 e5 19. Nf5 Qd8 20. fxe5 Nxe5 21. Ncd4 Qd7 22. Qg3 Ne4 23. Qh3 Rcd8 24. Bf4 Bc8 25. Qe3 Qe8 26. Ng3 Nxg3+ 27. Qxg3 Ng6 28. Bh5 Bxd4 29. cxd4 Bf5 30. Bd6 Rf7 31. Bc7 Rc8 32. Bxb6 Be4 33. Rxf7 Qxf7 34. Bc5 a5 35. Kg1 Qb7 36. b3 Bc2 37. Bg4 Re8 38. Re1 Be4 39. h3 Nh8 40. Qd6 Nf7 41. Be6 Kh8 42. Qd7 Qxd7 43. Bxd7 Rb8 44. Bb5 h5 45. Rf1 Kg8 46. b4 axb4 47. Bxb4 Nh6 48. Bd6 Ra8 49. Rc1 Nf5 50. Be5 h4 51. Rc7 g6 52. Bc6 Ra6 53. Rc8+ Kf7 54. Bb5 Ra7 55. Rd8 Ke7 56. Rh8 Ke6 57. Rg8 Ne7 58. Rd8 Bc2 59. Rd6+ Kf7 60. Rf6+ Kg8 61. Bd6 Nf5 62. Bc5 Ra5 63. Rxg6+ Kf7 64. Ra6 Rxa6 65. Bxa6 Bxa4 66. Kf2 Kg6 67. Bd3 Kg5 68. Bb6 Bd7 69. Bd8+ Kh5 70. Be2+ Kg6 71. Bg4 Bb5 72. Bxf5+ Kxf5 73. Bxh4 Ke4 74. Bf6 Kf4 75. Be5+ Ke4 76. g4 Bd7 77. Kg3 Bb5 78. h4 Bd7 79. h5 Be8 80. Kh4 1-0

[Event "Grozny Kadyrov Memorial rapid"]
[Site "Grozny"]
[Date "2019.06.10"]
[Round "8"]
[White "Gergov, Mukharbi"]
[Black "Yandarbiev, Ruslan"]
[Result "0-1"]
[WhiteElo "1819"]
[BlackElo "2270"]
[PlyCount "88"]
[EventDate "2019.06.09"]
[EventType "swiss (rapid)"]
[EventRounds "11"]
[EventCountry "RUS"]
[SourceTitle "CBM 190 Extra"]
[Source "ChessBase"]
[SourceDate "2019.07.15"]
[SourceVersion "1"]
[SourceVersionDate "2019.07.15"]
[SourceQuality "1"]

1. c4 e5 2. g3 Nf6 3. Bg2 d5 4. cxd5 Nxd5 5. d3 Be7 6. Nf3 Nc6 7. 0-0 0-0 8. Nc3 Nb6 9. a3 Be6 10. Bd2 Qd7 11. Re1 Bh3 12. Bh1 f5 13. a4 a5 14. Nb5 Kh8 15. Bc3 Bf6 16. Qb3 Nd4 17. Nfxd4 exd4 18. Bd2 c6 19. Na3 Bd8 20. e4 dxe3 21. Bxe3 Nd5 22. Bc5 Rf7 23. Nc4 Bf6 24. Nd6 Re7 25. Bxd5 cxd5 26. Qxd5 Qc6 27. Qxc6 bxc6 28. Nc4 Rxe1+ 29. Rxe1 h6 30. f3 Rb8 31. Ba3 Bd4+ 32. Kh1 Rd8 33. Nxa5 Bf2 34. Rd1 c5 35. Nc4 Re8 36. a5 Bd4 37. b4 Re2 38. Rg1 Bxg1 39. Kxg1 cxb4 40. Bb2 f4 41. g4 h5 42. a6 Rg2+ 43. Kf1 Rxb2+ 44. Ke1 Ra2 0-1

[Event "Sochi Archibald op 1st"]
[Site "Sochi"]
[Date "2019.05.17"]
[Round "7"]
[White "Yandarbiev, Ruslan"]
[Black "Lugovskoy, Maxim"]
[Result "1/2-1/2"]
[WhiteElo "2279"]
[BlackElo "2445"]
[PlyCount "97"]
[EventDate "2019.05.12"]
[EventType "swiss"]
[EventRounds "9"]
[EventCountry "RUS"]
[SourceTitle "CBM 190 Extra"]
[Source "ChessBase"]
[SourceDate "2019.07.15"]
[SourceVersion "1"]
[SourceVersionDate "2019.07.15"]
[SourceQuality "1"]

1. e4 e6 2. d4 d5 3. Nc3 Nf6 4. e5 Nfd7 5. f4 c5 6. Nf3 Be7 7. Be3 b6 8. Qd2 0-0 9. g3 a5 10. Be2 Ba6 11. 0-0 Bxe2 12. Qxe2 Nc6 13. Nb5 Na7 14. Nxa7 Rxa7 15. c4 cxd4 16. Nxd4 Nb8 17. cxd5 Qxd5 18. Nb5 Rd7 19. Rfd1 Qc6 20. Rdc1 Qb7 21. Qg2 Qxg2+ 22. Kxg2 Na6 23. Rd1 Rfd8 24. Rxd7 Rxd7 25. Rc1 g5 26. fxg5 Kg7 27. h4 Rd5 28. Nc3 Rd3 29. Bf4 Nc5 30. Rd1 Kg6 31. g4 b5 32. Rxd3 Nxd3 33. Kf3 b4 34. Na4 h5 35. gxh6 Bxh4 36. b3 Be7 37. Nb6 Bd8 38. Nc4 Bc7 39. g5 Nc5 40. Be3 Nd7 41. Ke4 Bd8 42. Nd2 Nf8 43. Nf3 Nh7 44. Nd4 Nxg5+ 45. Bxg5 Bxg5 46. Nc6 Bxh6 47. Nxa5 Bf8 48. Nc6 Bc5 49. Nd8 1/2-1/2

[Event "Sochi Archibald op 1st"]
[Site "Sochi"]
[Date "2019.05.16"]
[Round "6"]
[White "Korneev, Oleg"]
[Black "Yandarbiev, Ruslan"]
[Result "1-0"]
[WhiteElo "2530"]
[BlackElo "2279"]
[PlyCount "67"]
[EventDate "2019.05.12"]
[EventType "swiss"]
[EventRounds "9"]
[EventCountry "RUS"]
[SourceTitle "CBM 190 Extra"]
[Source "ChessBase"]
[SourceDate "2019.07.15"]
[SourceVersion "1"]
[SourceVersionDate "2019.07.15"]
[SourceQuality "1"]

1. e4 c5 2. Nf3 d6 3. d4 Nf6 4. Nc3 cxd4 5. Nxd4 a6 6. Be3 Ng4 7. Bg5 h6 8. Bh4 g5 9. Bg3 Bg7 10. h3 Ne5 11. Nf5 Bxf5 12. exf5 Nbc6 13. Nd5 Rc8 14. c3 0-0 15. Be2 e6 16. Ne3 d5 17. fxe6 fxe6 18. 0-0 Ng6 19. Bg4 Qf6 20. Re1 Nf4 21. Bxf4 gxf4 22. Nxd5 exd5 23. Qxd5+ Kh8 24. Bxc8 Rxc8 25. Re6 Rd8 26. Qe4 Qf7 27. Re1 Rf8 28. Rd1 f3 29. Rdd6 Qh5 30. Rd5 Qf7 31. g4 Qf4 32. Qxf4 Rxf4 33. Rd7 Ne5 34. Rxg7 1-0